| 000 | 00904cam a2200265 a 4500 | ||
|---|---|---|---|
| 001 | 1590 | ||
| 005 | 20230908114938.0 | ||
| 020 | _a9780590425605 | ||
| 040 |
_a*DVA* _c*DVA* _dOCoLC _dNN _dOCoLC _dCStRLIN _dDLC _beng |
||
| 050 | 0 | 0 | _aGV865.R6 |
| 082 | 0 | 0 |
_a796.357092 _222 |
| 100 | 1 | _aDenenberg, Barry. | |
| 245 | 1 | 0 |
_aStealing home : _bthe story of Jackie Robinson / _cBarry Denenberg. |
| 250 | _a50th Anniversary ed. | ||
| 260 |
_aNew York : _bScholastic, _c1990 |
||
| 300 |
_a116 pages : _billustrations ; _c20 cm |
||
| 505 | _aZ | ||
| 520 | _aThe story of the first Black man to play baseball in the major leagues. | ||
| 521 |
_a930
_bLexile |
||
| 521 |
_aZ
_bRaz-Plus |
||
| 650 | 0 |
_aBaseball players _zUnited States _vBiography _vJuvenile literature. |
|
| 650 | 1 |
_aBaseball players _zUnited States _vBiography. |
|
| 906 |
_a7 _bcbc _ccopycat _d2 _encip _f20 _gy-gencatlg |
||
| 942 |
_2ddc _cBK _n0 |
||
| 999 |
_c1590 _d1590 |
||